[Event "EYCC 2024 - G16"]
[Site "?"]
[Date "2024.08.26"]
[Round "5.1"]
[White "Dobsa, Emma"]
[Black "Jankovic, Tamara"]
[Result "0-1"]
[BlackElo "1877"]
[WhiteElo "1937"]
[LiveChessVersion "1.4.8"]

1. e4 {[%clk 1:30:57]} c5 {[%clk 1:30:56]} 2. Nf3 {[%clk 1:31:22]} d6
{[%clk 1:31:22]} 3. d4 {[%clk 1:31:47]} cxd4 {[%clk 1:31:49]} 4. Nxd4
{[%clk 1:32:09]} Nf6 {[%clk 1:32:15]} 5. Nc3 {[%clk 1:32:33]} Nc6
{[%clk 1:32:41]} 6. Bg5 {[%clk 1:32:51]} e6 {[%clk 1:33:06]} 7. Qd2
{[%clk 1:33:14]} a6 {[%clk 1:33:33]} 8. O-O-O {[%clk 1:33:36]} Bd7
{[%clk 1:34:00]} 9. Kb1 {[%clk 1:33:32]} Be7 {[%clk 1:32:58]} 10. f3
{[%clk 1:33:14]} Nxd4 {[%clk 1:29:23]} 11. Qxd4 {[%clk 1:33:38]} Bc6
{[%clk 1:29:47]} 12. h4 {[%clk 1:28:10]} d5 {[%clk 1:28:43]} 13. Qe3
{[%clk 1:13:18]} O-O {[%clk 1:26:07]} 14. g4 {[%clk 1:07:55]} Qe8
{[%clk 1:25:21]} 15. e5 {[%clk 1:02:25]} Nd7 {[%clk 1:25:27]} 16. Bxe7
{[%clk 0:53:08]} Qxe7 {[%clk 1:24:34]} 17. g5 {[%clk 0:51:18]} Rae8
{[%clk 1:18:33]} 18. h5 {[%clk 0:47:06]} Qc5 {[%clk 1:16:40]} 19. Rd4 f6
{[%clk 1:09:33]} 20. gxf6 {[%clk 0:41:11]} gxf6 {[%clk 1:08:35]} 21. Rg4+
{[%clk 0:38:14]} Kh8 {[%clk 1:08:46]} 22. Qh6 {[%clk 0:35:24]} Rf7
{[%clk 1:07:48]} 23. exf6 {[%clk 0:30:41]} Nxf6 {[%clk 1:01:02]} 24. Rf4
{[%clk 0:24:09]} Qf8 {[%clk 1:01:09]} 25. Qxf8+ {[%clk 0:23:30]} Rfxf8
{[%clk 0:58:34]} 26. Bg2 {[%clk 0:20:51]} e5 {[%clk 0:58:31]} 27. Rf5
{[%clk 0:20:43]} Bd7 {[%clk 0:56:09]} 28. Rg5 {[%clk 0:21:00]} Rg8
{[%clk 0:56:38]} 29. Rxg8+ {[%clk 0:20:33]} Rxg8 {[%clk 0:57:02]} 30. Bf1
{[%clk 0:20:52]} Rg3 {[%clk 0:56:08]} 31. Be2 {[%clk 0:19:07]} Bc6
{[%clk 0:53:12]} 32. Bd1 {[%clk 0:17:06]} Rg5 {[%clk 0:51:14]} 33. h6
{[%clk 0:14:56]} d4 {[%clk 0:42:26]} 34. Ne4 {[%clk 0:13:54]} Nxe4
{[%clk 0:40:59]} 35. fxe4 {[%clk 0:14:16]} Bxe4 {[%clk 0:41:28]} 36. Re1
{[%clk 0:14:35]} Bd5 {[%clk 0:40:27]} 37. Kc1 {[%clk 0:13:57]} Kg8
{[%clk 0:38:35]} 38. Be2 {[%clk 0:12:39]} b5 {[%clk 0:33:20]} 39. Bd3
{[%clk 0:11:45]} Bf7 {[%clk 0:31:18]} 40. b3 {[%clk 0:09:16]} Bg6
{[%clk 0:30:00]} 41. Bf1 {[%clk 0:06:12]} e4 {[%clk 0:26:58]} 42. Bh3
{[%clk 0:04:14]} Kf7 {[%clk 0:27:05]} 43. Bc8 {[%clk 0:03:22]} a5
{[%clk 0:26:53]} 44. Bb7 {[%clk 0:03:11]} e3 {[%clk 0:25:27]} 45. Kb2
{[%clk 0:02:27]} b4 {[%clk 0:21:52]} 46. Ba6 {[%clk 0:02:08]} Rg2
{[%clk 0:20:43]} 47. Be2 {[%clk 0:01:50]} Rh2 {[%clk 0:19:10]} 48. Kc1
{[%clk 0:01:35]} Rxh6 {[%clk 0:19:11]} 49. Rf1+ {[%clk 0:02:00]} Ke7
{[%clk 0:19:08]} 50. Rf4 {[%clk 0:02:02]} Rh1+ {[%clk 0:17:43]} 0-1

[Event "EYCC 2024 - G16"]
[Site "?"]
[Date "2024.08.26"]
[Round "5.2"]
[White "Ingel, Mica Bar"]
[Black "Vermeulen, Hailey"]
[Result "1-0"]
[BlackElo "1731"]
[WhiteElo "1911"]
[LiveChessVersion "1.4.8"]

1. e4 {[%clk 1:30:57]} c5 {[%clk 1:30:45]} 2. Nf3 {[%clk 1:31:23]} d6
{[%clk 1:30:58]} 3. d4 {[%clk 1:31:49]} cxd4 {[%clk 1:31:13]} 4. Nxd4
{[%clk 1:32:11]} Nf6 {[%clk 1:31:24]} 5. Nc3 {[%clk 1:32:35]} g6 {[%clk 1:31:35]}
6. Be3 {[%clk 1:32:52]} Bg7 {[%clk 1:31:43]} 7. Bc4 {[%clk 1:31:09]} O-O
{[%clk 1:31:48]} 8. f3 {[%clk 1:31:31]} Nc6 {[%clk 1:32:03]} 9. Qd2
{[%clk 1:31:01]} Nxd4 {[%clk 1:32:07]} 10. Bxd4 {[%clk 1:30:01]} Be6
{[%clk 1:32:16]} 11. Nd5 {[%clk 1:26:02]} Nd7 {[%clk 1:23:18]} 12. O-O-O
{[%clk 1:18:08]} Rc8 {[%clk 1:21:19]} 13. Bxg7 {[%clk 1:10:19]} Kxg7
{[%clk 1:19:05]} 14. Qd4+ {[%clk 1:09:05]} Kg8 {[%clk 1:19:06]} 15. Ne3
{[%clk 1:07:42]} Bxc4 {[%clk 1:17:07]} 16. Nxc4 {[%clk 1:08:02]} Qc7
{[%clk 1:15:46]} 17. Ne3 {[%clk 1:07:25]} Ne5 {[%clk 1:14:15]} 18. Kb1
{[%clk 1:02:06]} Qc5 {[%clk 1:04:20]} 19. Qxc5 {[%clk 0:54:12]} Rc7 20. Qc6 Rxc6
{[%clk 1:04:38]} 21. Rd2 Rc5 22. Rd5 {[%clk 0:53:45]} Rfc8 {[%clk 1:01:31]} 23.
Rhd1 {[%clk 0:52:29]} Nc4 {[%clk 0:59:03]} 24. Nxc4 {[%clk 0:49:57]} Rxc4
{[%clk 0:59:25]} 25. R1d2 {[%clk 0:49:52]} R4c5 {[%clk 0:58:58]} 26. Kc1
{[%clk 0:47:40]} Kg7 {[%clk 0:57:58]} 27. e5 {[%clk 0:46:06]} dxe5
{[%clk 0:52:47]} 28. Rxc5 {[%clk 0:46:27]} Rxc5 {[%clk 0:53:10]} 29. Rd7
{[%clk 0:46:47]} Rb5 {[%clk 0:52:53]} 30. Rxe7 {[%clk 0:46:42]} Kf6
{[%clk 0:53:06]} 31. Rc7 {[%clk 0:46:19]} Ke6 {[%clk 0:52:54]} 32. a3
{[%clk 0:41:16]} h5 {[%clk 0:51:05]} 33. c4 {[%clk 0:38:59]} Rb6 {[%clk 0:50:15]}
34. b4 {[%clk 0:37:51]} f5 {[%clk 0:47:25]} 35. c5 {[%clk 0:26:44]} Rb5
{[%clk 0:45:08]} 36. Kc2 {[%clk 0:24:39]} e4 {[%clk 0:43:08]} 37. fxe4
{[%clk 0:24:13]} fxe4 {[%clk 0:43:28]} 38. Kc3 {[%clk 0:21:39]} e3
{[%clk 0:42:13]} 39. Rc8 {[%clk 0:17:36]} Ke7 {[%clk 0:42:01]} 40. Ra8
{[%clk 0:11:04]} a5 {[%clk 0:37:42]} 41. Rxa5 {[%clk 0:08:58]} Rxa5
{[%clk 0:38:04]} 42. bxa5 {[%clk 0:09:25]} e2 {[%clk 0:38:16]} 43. Kd2
{[%clk 0:09:53]} e1=R {[%clk 0:37:37]} 44. Kxe1 {[%clk 0:10:20]} Kd7
{[%clk 0:37:55]} 45. Ke2 {[%clk 0:10:41]} Kc6 {[%clk 0:38:12]} 46. Ke3
{[%clk 0:11:05]} Kxc5 {[%clk 0:38:21]} 47. Kf4 {[%clk 0:11:58]} Kb5
{[%clk 0:38:46]} 48. Kg5 {[%clk 0:12:22]} Kxa5 {[%clk 0:39:02]} 49. Kxg6
{[%clk 0:12:48]} Ka4 {[%clk 0:38:52]} 50. Kxh5 {[%clk 0:13:15]} Kxa3
{[%clk 0:39:04]} 51. g4 {[%clk 0:13:43]} b5 {[%clk 0:39:19]} 52. g5
{[%clk 0:14:11]} b4 {[%clk 0:39:43]} 53. g6 {[%clk 0:14:39]} b3 {[%clk 0:40:03]}
54. g7 {[%clk 0:14:57]} b2 {[%clk 0:40:24]} 55. g8=Q {[%clk 0:15:25]} b1=Q
{[%clk 0:40:44]} 56. Qa8+ {[%clk 0:15:47]} Kb2 {[%clk 0:40:55]} 57. Qb8+
{[%clk 0:16:14]} Kc2 {[%clk 0:41:17]} 58. Qxb1+ {[%clk 0:16:37]} Kxb1
{[%clk 0:41:17]} 59. Kg6 {[%clk 0:16:37]} 1-0

[Event "EYCC 2024 - G16"]
[Site "?"]
[Date "2024.08.26"]
[Round "5.3"]
[White "Moscovitch, Michal"]
[Black "Pinyol I Llora, Julia"]
[Result "1/2-1/2"]
[BlackElo "1909"]
[WhiteElo "1618"]
[LiveChessVersion "1.4.8"]

1. e4 {[%clk 1:30:58]} c5 {[%clk 1:30:45]} 2. Nf3 {[%clk 1:31:21]} e6
{[%clk 1:31:07]} 3. d4 {[%clk 1:31:42]} cxd4 {[%clk 1:31:28]} 4. Nxd4
{[%clk 1:32:05]} a6 {[%clk 1:31:37]} 5. c4 {[%clk 1:32:12]} Nf6 {[%clk 1:31:38]}
6. Nc3 {[%clk 1:32:33]} Qc7 {[%clk 1:31:42]} 7. a3 {[%clk 1:32:38]} b6
{[%clk 1:31:47]} 8. Bd3 {[%clk 1:28:15]} Bb7 {[%clk 1:30:30]} 9. Be3
{[%clk 1:26:05]} Be7 {[%clk 1:29:24]} 10. O-O {[%clk 1:25:50]} O-O
{[%clk 1:29:04]} 11. f4 {[%clk 1:25:36]} d6 {[%clk 1:21:25]} 12. f5
{[%clk 1:23:13]} e5 {[%clk 1:16:10]} 13. Nc2 {[%clk 1:20:03]} b5 {[%clk 1:10:43]}
14. cxb5 {[%clk 1:18:26]} d5 {[%clk 1:09:23]} 15. bxa6 {[%clk 1:13:38]} Nxa6
{[%clk 1:05:08]} 16. Nxd5 {[%clk 1:12:02]} Nxd5 {[%clk 1:01:53]} 17. exd5
{[%clk 1:12:22]} Nc5 {[%clk 1:00:59]} 18. f6 {[%clk 1:01:48]} Bxf6
{[%clk 0:55:46]} 19. Bxh7+ {[%clk 0:50:45]} Kxh7 {[%clk 0:54:00]} 20. Rxf6
{[%clk 0:46:42]} gxf6 {[%clk 0:45:15]} 21. Qh5+ {[%clk 0:46:54]} Kg8
{[%clk 0:45:00]} 22. Qg4+ {[%clk 0:36:28]} Kh7 {[%clk 0:40:01]} 23. Qh4+
{[%clk 0:31:47]} Kg8 {[%clk 0:33:54]} 24. Bh6 {[%clk 0:18:12]} Ne6
{[%clk 0:28:53]} 25. Ne3 {[%clk 0:13:49]} Ng5 {[%clk 0:24:35]} 26. Bxg5
{[%clk 0:13:58]} fxg5 {[%clk 0:24:35]} 1/2-1/2

[Event "EYCC 2024 - G16"]
[Site "?"]
[Date "2024.08.26"]
[Round "5.4"]
[White "Westerhof, Fleur"]
[Black "Kavanova, Anezka"]
[Result "1-0"]
[BlackElo "1726"]
[WhiteElo "1986"]
[LiveChessVersion "1.4.8"]

1. e4 {[%clk 1:30:57]} c5 {[%clk 1:30:53]} 2. Nf3 {[%clk 1:31:19]} d6
{[%clk 1:31:19]} 3. d4 {[%clk 1:31:40]} cxd4 {[%clk 1:31:44]} 4. Nxd4
{[%clk 1:31:58]} Nf6 {[%clk 1:32:11]} 5. Nc3 {[%clk 1:32:12]} g6 {[%clk 1:32:37]}
6. Be3 {[%clk 1:32:25]} Bg7 {[%clk 1:33:02]} 7. f3 {[%clk 1:32:39]} O-O
{[%clk 1:33:27]} 8. Qd2 {[%clk 1:32:57]} Nc6 {[%clk 1:33:50]} 9. O-O-O
{[%clk 1:33:09]} d5 {[%clk 1:34:15]} 10. Nxc6 {[%clk 1:33:22]} bxc6
{[%clk 1:34:37]} 11. Bh6 {[%clk 1:33:13]} Bxh6 {[%clk 1:33:50]} 12. Qxh6
{[%clk 1:33:35]} e5 {[%clk 1:34:17]} 13. h4 {[%clk 1:28:37]} Be6 {[%clk 1:27:22]}
14. h5 {[%clk 1:16:36]} Qc7 {[%clk 1:27:27]} 15. Qg5 {[%clk 1:12:19]} Qe7
{[%clk 1:10:41]} 16. Qxe5 {[%clk 1:08:50]} Nd7 {[%clk 1:06:14]} 17. Qd4
{[%clk 1:01:31]} Nb6 {[%clk 1:02:12]} 18. exd5 {[%clk 0:54:05]} cxd5
{[%clk 1:01:10]} 19. Bd3 {[%clk 0:50:58]} Bf5 {[%clk 0:59:25]} 20. Bxf5
{[%clk 0:49:41]} Qg5+ {[%clk 0:59:49]} 21. Kb1 {[%clk 0:48:42]} gxf5
{[%clk 0:56:49]} 22. f4 {[%clk 0:47:49]} Qe7 {[%clk 0:53:39]} 23. h6
{[%clk 0:46:58]} f6 {[%clk 0:54:01]} 24. Nxd5 {[%clk 0:46:54]} Qf7
{[%clk 0:54:22]} 25. Nxb6 {[%clk 0:45:47]} axb6 {[%clk 0:54:42]} 26. Qd5
{[%clk 0:45:36]} Ra4 {[%clk 0:54:59]} 27. g3 {[%clk 0:43:14]} Re4
{[%clk 0:55:13]} 28. Qxf5 {[%clk 0:42:13]} Ra4 {[%clk 0:52:45]} 29. Rd7
{[%clk 0:39:42]} Qxa2+ {[%clk 0:52:32]} 30. Kc1 {[%clk 0:40:01]} Rf7
{[%clk 0:52:50]} 31. Rd8+ {[%clk 0:40:08]} Rf8 {[%clk 0:53:11]} 32. Qg4+
{[%clk 0:40:01]} 1-0

[Event "EYCC 2024 - G16"]
[Site "?"]
[Date "2024.08.26"]
[Round "5.5"]
[White "Lorenz, Veronika"]
[Black "Omeri, Eklea"]
[Result "0-1"]
[BlackElo "1962"]
[WhiteElo "1884"]
[LiveChessVersion "1.4.8"]

1. e4 {[%clk 1:30:58]} c6 {[%clk 1:30:55]} 2. d4 {[%clk 1:31:25]} d5
{[%clk 1:31:21]} 3. exd5 {[%clk 1:31:52]} cxd5 {[%clk 1:31:46]} 4. c4
{[%clk 1:32:18]} Nf6 {[%clk 1:32:12]} 5. Nc3 {[%clk 1:32:39]} Nc6
{[%clk 1:32:35]} 6. Nf3 {[%clk 1:33:04]} g6 {[%clk 1:32:38]} 7. cxd5
{[%clk 1:33:13]} Nxd5 {[%clk 1:33:02]} 8. Bc4 {[%clk 1:33:15]} Nb6
{[%clk 1:33:27]} 9. Bb3 {[%clk 1:33:44]} Bf5 {[%clk 1:31:19]} 10. Ng5
{[%clk 1:22:38]} Qxd4 {[%clk 1:07:49]} 11. Nxf7 {[%clk 1:07:43]} Qxd1+
{[%clk 1:03:55]} 12. Kxd1 {[%clk 1:08:06]} Bg7 {[%clk 1:03:28]} 13. Nxh8
{[%clk 0:59:26]} O-O-O+ {[%clk 1:03:39]} 14. Ke1 {[%clk 0:59:36]} Bxh8
{[%clk 1:03:28]} 15. Be3 {[%clk 0:56:45]} Nb4 {[%clk 1:01:20]} 16. Bxb6
{[%clk 0:29:16]} Nd3+ {[%clk 1:00:03]} 17. Ke2 {[%clk 0:29:36]} axb6
{[%clk 0:59:41]} 18. Nd5 {[%clk 0:28:23]} Rxd5 {[%clk 0:59:05]} 19. Bxd5
{[%clk 0:28:39]} Nf4+ {[%clk 0:59:30]} 20. Kf3 {[%clk 0:28:52]} Nxd5
{[%clk 0:59:53]} 21. Rac1+ {[%clk 0:28:51]} Kd7 {[%clk 0:42:56]} 22. Rhd1
{[%clk 0:25:06]} Kd6 {[%clk 0:42:39]} 23. g4 {[%clk 0:24:11]} Bd7
{[%clk 0:42:19]} 24. Rc2 {[%clk 0:22:32]} Bc6 {[%clk 0:42:15]} 25. Kg2
{[%clk 0:03:19]} Ke6 {[%clk 0:38:30]} 26. Kg1 {[%clk 0:03:20]} g5
{[%clk 0:33:24]} 27. Rdd2 {[%clk 0:01:28]} Be5 {[%clk 0:31:25]} 28. Re2
{[%clk 0:00:37]} Nf4 {[%clk 0:30:35]} 29. Re3 {[%clk 0:01:04]} Kf6
{[%clk 0:27:27]} 30. Rb3 {[%clk 0:00:47]} b5 {[%clk 0:27:04]} 31. Re3
{[%clk 0:00:34]} Bd4 {[%clk 0:26:23]} 32. Rb3 {[%clk 0:00:33]} e5
{[%clk 0:25:23]} 33. Kf1 {[%clk 0:00:39]} Ke6 {[%clk 0:21:09]} 34. f3
{[%clk 0:00:55]} h5 {[%clk 0:17:52]} 35. gxh5 {[%clk 0:00:51]} Nxh5
{[%clk 0:18:00]} 36. a3 {[%clk 0:00:38]} Kf5 {[%clk 0:18:05]} 37. Rd3
{[%clk 0:00:34]} Kf4 {[%clk 0:17:34]} 38. Ke2 {[%clk 0:00:52]} Ng7
{[%clk 0:15:50]} 39. b4 0-1

[Event "EYCC 2024 - G16"]
[Site "?"]
[Date "2024.08.26"]
[Round "5.6"]
[White "Haug, Mara"]
[Black "Novomeska, Karin"]
[Result "1/2-1/2"]
[BlackElo "1815"]
[WhiteElo "1958"]
[LiveChessVersion "1.4.8"]

1. e4 {[%clk 1:30:54]} c6 {[%clk 1:30:56]} 2. Nf3 {[%clk 1:31:17]} d5
{[%clk 1:31:18]} 3. Nc3 {[%clk 1:31:42]} Bg4 {[%clk 1:31:40]} 4. h3
{[%clk 1:31:57]} Bxf3 {[%clk 1:32:03]} 5. Qxf3 {[%clk 1:32:20]} e6
{[%clk 1:32:07]} 6. d3 {[%clk 1:30:59]} Nf6 {[%clk 1:31:49]} 7. Bf4
{[%clk 1:25:22]} Bb4 {[%clk 1:23:19]} 8. Bd2 {[%clk 1:01:54]} d4 {[%clk 1:21:02]}
9. Nb1 {[%clk 0:51:38]} Qb6 {[%clk 1:19:58]} 10. b3 {[%clk 0:47:45]} a5
{[%clk 1:13:04]} 11. a3 {[%clk 0:42:48]} Bxd2+ {[%clk 1:06:38]} 12. Nxd2
{[%clk 0:43:15]} Nbd7 {[%clk 0:43:21]} 13. Qd1 {[%clk 0:41:29]} O-O
{[%clk 0:39:29]} 14. Be2 {[%clk 0:41:44]} a4 {[%clk 0:28:21]} 15. b4
{[%clk 0:37:14]} c5 {[%clk 0:26:31]} 16. Rb1 {[%clk 0:36:57]} cxb4
{[%clk 0:22:47]} 17. Rxb4 {[%clk 0:37:16]} Qc5 {[%clk 0:21:59]} 18. Qc1
{[%clk 0:34:35]} b5 {[%clk 0:19:45]} 19. Qb2 {[%clk 0:28:46]} Rfc8
{[%clk 0:14:01]} 20. Rxb5 {[%clk 0:26:56]} Qxc2 {[%clk 0:14:20]} 21. O-O
{[%clk 0:26:43]} Qxb2 {[%clk 0:05:53]} 22. Rxb2 {[%clk 0:27:11]} Rc3
{[%clk 0:06:13]} 23. Nc4 {[%clk 0:26:30]} Rb3 {[%clk 0:05:50]} 24. Rfb1
{[%clk 0:26:00]} Nc5 {[%clk 0:05:12]} 25. Nd2 {[%clk 0:21:44]} Rxb2
{[%clk 0:05:38]} 26. Rxb2 {[%clk 0:22:10]} Nfd7 {[%clk 0:05:45]} 27. Nc4
{[%clk 0:21:26]} Nb3 {[%clk 0:03:55]} 28. Nd2 {[%clk 0:15:30]} Ndc5
{[%clk 0:03:09]} 29. Rc2 {[%clk 0:14:57]} Rc8 {[%clk 0:02:39]} 30. Nf3
{[%clk 0:13:40]} Kf8 {[%clk 0:02:05]} 31. Rc4 {[%clk 0:13:06]} Rd8
{[%clk 0:01:57]} 32. Ne5 {[%clk 0:11:03]} Rd6 {[%clk 0:01:45]} 33. Bd1
{[%clk 0:09:37]} f6 {[%clk 0:01:48]} 34. Bxb3 {[%clk 0:09:45]} Nxb3
{[%clk 0:02:00]} 35. Nf3 {[%clk 0:09:52]} e5 {[%clk 0:02:17]} 36. Rxa4
{[%clk 0:06:24]} Nc5 {[%clk 0:02:46]} 37. Ra8+ {[%clk 0:06:06]} Ke7
{[%clk 0:02:59]} 38. Ra7+ {[%clk 0:06:15]} Rd7 {[%clk 0:02:57]} 39. Rxd7+
{[%clk 0:06:29]} Kxd7 {[%clk 0:02:57]} 40. Ne1 {[%clk 0:06:44]} Kc6
{[%clk 0:03:05]} 41. Kf1 {[%clk 0:07:02]} Kb5 {[%clk 0:03:13]} 42. Ke2
{[%clk 0:07:21]} Ka4 {[%clk 0:02:48]} 43. Nc2 {[%clk 0:07:06]} Kb3
{[%clk 0:02:23]} 44. Kd2 {[%clk 0:05:49]} Ne6 {[%clk 0:01:57]} 45. g3
{[%clk 0:03:48]} Nc7 {[%clk 0:02:23]} 46. Nb4 {[%clk 0:03:13]} Kxa3
{[%clk 0:02:52]} 47. Nd5 {[%clk 0:03:29]} Ne8 {[%clk 0:01:48]} 48. Kc2
{[%clk 0:03:45]} Nd6 {[%clk 0:01:58]} 49. Nc7 {[%clk 0:03:15]} h6
{[%clk 0:01:11]} 50. Ne6 {[%clk 0:02:56]} Ne8 {[%clk 0:01:28]} 51. h4
{[%clk 0:02:39]} Kb4 {[%clk 0:01:24]} 52. Kb2 {[%clk 0:02:46]} Kb5
{[%clk 0:01:39]} 53. f4 {[%clk 0:02:30]} Kc6 {[%clk 0:01:50]} 54. h5
{[%clk 0:02:17]} Kd6 {[%clk 0:01:26]} 55. f5 {[%clk 0:02:37]} Ke7
{[%clk 0:01:37]} 56. Kb3 {[%clk 0:02:54]} Kd7 {[%clk 0:01:23]} 57. Kb4
{[%clk 0:02:48]} Kd6 {[%clk 0:00:58]} 58. Kb5 {[%clk 0:02:07]} Nc7+
{[%clk 0:00:43]} 59. Nxc7 {[%clk 0:02:32]} Kxc7 {[%clk 0:01:11]} 60. Kc5
{[%clk 0:02:54]} Kd7 {[%clk 0:01:32]} 61. Kd5 {[%clk 0:02:59]} Ke7
{[%clk 0:01:41]} 62. Kc6 {[%clk 0:03:07]} Ke8 {[%clk 0:01:22]} 63. Kd6
{[%clk 0:03:22]} Kf8 {[%clk 0:01:32]} 64. Kd7 {[%clk 0:03:21]} Kf7
{[%clk 0:01:57]} 65. Kd8 {[%clk 0:03:25]} 1/2-1/2

[Event "EYCC 2024 - G16"]
[Site "?"]
[Date "2024.08.26"]
[Round "5.7"]
[White "Natoli, Alessia"]
[Black "Ken-Dror, Renana"]
[Result "0-1"]
[BlackElo "1618"]
[WhiteElo "1944"]
[LiveChessVersion "1.4.8"]

1. e4 {[%clk 1:30:57]} c6 {[%clk 1:30:55]} 2. d4 {[%clk 1:31:19]} d5
{[%clk 1:31:20]} 3. Nc3 {[%clk 1:31:33]} dxe4 {[%clk 1:31:37]} 4. Nxe4
{[%clk 1:31:55]} Nf6 {[%clk 1:32:03]} 5. Nxf6+ {[%clk 1:32:17]} gxf6
{[%clk 1:32:25]} 6. Be3 {[%clk 1:29:35]} Bf5 {[%clk 1:30:32]} 7. Bd3
{[%clk 1:23:38]} Bg6 {[%clk 1:29:54]} 8. Ne2 {[%clk 1:21:19]} e6 {[%clk 1:28:19]}
9. Qd2 {[%clk 1:18:29]} Nd7 {[%clk 1:24:15]} 10. O-O-O {[%clk 1:11:39]} Qc7
{[%clk 1:22:00]} 11. Kb1 {[%clk 1:08:36]} Nb6 {[%clk 1:19:12]} 12. Nf4
{[%clk 1:00:38]} O-O-O {[%clk 1:11:07]} 13. Nxg6 {[%clk 0:50:15]} hxg6
{[%clk 1:11:30]} 14. c4 {[%clk 0:48:45]} c5 {[%clk 1:00:23]} 15. Bf4
{[%clk 0:34:38]} e5 {[%clk 0:59:18]} 16. dxe5 {[%clk 0:33:14]} fxe5
{[%clk 0:58:53]} 17. Bg5 {[%clk 0:29:25]} Be7 {[%clk 0:57:57]} 18. Bxe7
{[%clk 0:29:31]} Qxe7 {[%clk 0:58:24]} 19. Qc2 {[%clk 0:27:34]} Rd4
{[%clk 0:56:03]} 20. f3 {[%clk 0:22:30]} Kb8 {[%clk 0:50:16]} 21. b3
{[%clk 0:21:03]} Nd7 {[%clk 0:48:10]} 22. Be4 {[%clk 0:17:08]} Nf6
{[%clk 0:47:00]} 23. Rxd4 {[%clk 0:17:28]} exd4 {[%clk 0:47:21]} 24. Bd3
{[%clk 0:15:24]} Qd6 {[%clk 0:44:57]} 25. g3 {[%clk 0:14:00]} Re8
{[%clk 0:45:16]} 26. Qd1 {[%clk 0:10:13]} Qe5 {[%clk 0:41:30]} 27. Rf1
{[%clk 0:09:01]} Qe3 {[%clk 0:40:59]} 28. Qc2 {[%clk 0:04:15]} Re7
{[%clk 0:36:20]} 29. Rf2 {[%clk 0:03:09]} Qe1+ {[%clk 0:36:13]} 30. Kb2
{[%clk 0:03:30]} Kc7 {[%clk 0:26:58]} 31. Be4 {[%clk 0:01:37]} Nxe4
{[%clk 0:24:59]} 32. fxe4 {[%clk 0:00:46]} Rd7 {[%clk 0:24:30]} 33. Re2
{[%clk 0:00:49]} Qf1 {[%clk 0:23:43]} 34. Qd2 {[%clk 0:00:44]} Qf6
{[%clk 0:17:40]} 35. e5 {[%clk 0:00:35]} Qc6 {[%clk 0:16:07]} 36. Qd3
{[%clk 0:00:36]} Re7 {[%clk 0:16:02]} 37. h4 {[%clk 0:00:38]} Qh1
{[%clk 0:16:05]} 38. Qd2 {[%clk 0:00:35]} Qf3 {[%clk 0:15:35]} 39. Qa5+
{[%clk 0:00:41]} Kd7 {[%clk 0:14:24]} 40. Rc2 {[%clk 0:00:40]} Rxe5
{[%clk 0:13:30]} 41. Qxa7 {[%clk 0:00:50]} d3 {[%clk 0:05:16]} 42. Rd2
{[%clk 0:00:32]} Re2 {[%clk 0:04:25]} 43. Qa5 {[%clk 0:00:38]} Qf6+
{[%clk 0:04:30]} 44. Ka3 {[%clk 0:00:40]} Qd4 {[%clk 0:03:18]} 45. Qb5+
{[%clk 0:00:53]} Kc7 {[%clk 0:02:23]} 46. Qa5+ {[%clk 0:00:33]} Kb8
{[%clk 0:02:22]} 47. Ka4 {[%clk 0:00:32]} Re6 {[%clk 0:01:59]} 48. Rxd3
{[%clk 0:00:33]} Qxd3 {[%clk 0:02:19]} 49. Kb5 {[%clk 0:00:38]} Qd7+
{[%clk 0:02:37]} 0-1

[Event "EYCC 2024 - G16"]
[Site "?"]
[Date "2024.08.26"]
[Round "5.8"]
[White "Balazs, Sztella Anna"]
[Black "Rasheva, Nora"]
[Result "0-1"]
[BlackElo "1942"]
[WhiteElo "1879"]
[LiveChessVersion "1.4.8"]

1. e4 {[%clk 1:30:59]} d5 {[%clk 1:30:54]} 2. exd5 {[%clk 1:31:24]} Qxd5
{[%clk 1:31:19]} 3. Nc3 {[%clk 1:31:50]} Qd8 {[%clk 1:31:44]} 4. d4
{[%clk 1:32:15]} Nf6 {[%clk 1:32:10]} 5. Nf3 {[%clk 1:32:32]} a6 {[%clk 1:32:36]}
6. h3 {[%clk 1:32:55]} e6 {[%clk 1:31:00]} 7. Be2 {[%clk 1:32:25]} Be7
{[%clk 1:29:44]} 8. Bf4 {[%clk 1:31:45]} O-O {[%clk 1:24:50]} 9. O-O
{[%clk 1:27:59]} c6 {[%clk 1:21:40]} 10. Qd2 {[%clk 1:24:22]} Nbd7
{[%clk 1:19:47]} 11. a3 {[%clk 1:20:02]} b5 {[%clk 1:18:24]} 12. Ne5
{[%clk 1:12:29]} Bb7 {[%clk 1:09:53]} 13. Rad1 {[%clk 1:06:47]} Nxe5
{[%clk 1:00:59]} 14. dxe5 {[%clk 1:03:59]} Qxd2 {[%clk 1:01:12]} 15. Bxd2
{[%clk 1:01:54]} Nd5 {[%clk 1:01:03]} 16. Ne4 {[%clk 0:59:38]} c5
{[%clk 1:00:40]} 17. Rfe1 {[%clk 0:55:04]} Nb6 {[%clk 0:51:43]} 18. Bf1
{[%clk 0:45:43]} Rfd8 {[%clk 0:49:35]} 19. Ng3 {[%clk 0:41:39]} Na4
{[%clk 0:41:12]} 20. Ba5 {[%clk 0:36:20]} Nxb2 {[%clk 0:20:48]} 21. Bxd8
{[%clk 0:35:01]} Bxd8 {[%clk 0:21:08]} 22. Rb1 {[%clk 0:32:36]} Na4
{[%clk 0:19:34]} 23. c4 {[%clk 0:30:32]} b4 {[%clk 0:18:32]} 24. Ra1
{[%clk 0:23:29]} b3 {[%clk 0:15:11]} 25. Bd3 {[%clk 0:17:13]} Ba5
{[%clk 0:14:12]} 26. Re3 {[%clk 0:14:58]} Rd8 {[%clk 0:08:09]} 27. Ne2
{[%clk 0:13:01]} Bd2 {[%clk 0:06:08]} 28. Rg3 {[%clk 0:13:21]} Nb2
{[%clk 0:06:21]} 29. Bxh7+ {[%clk 0:09:25]} Kxh7 {[%clk 0:06:22]} 30. Rxb3
{[%clk 0:09:51]} Nxc4 {[%clk 0:04:21]} 31. Rxb7 {[%clk 0:10:15]} Nxe5
{[%clk 0:04:41]} 32. Rb6 {[%clk 0:08:44]} a5 {[%clk 0:04:46]} 33. Rb5
{[%clk 0:09:05]} Rd5 {[%clk 0:03:29]} 34. Ng3 {[%clk 0:07:00]} Bc3
{[%clk 0:01:36]} 35. Rc1 {[%clk 0:07:08]} Bd4 {[%clk 0:02:02]} 36. Kf1
{[%clk 0:04:35]} Bxf2 {[%clk 0:01:44]} 37. Ne4 {[%clk 0:04:28]} Be3
{[%clk 0:01:56]} 38. Re1 {[%clk 0:04:38]} Nc4 {[%clk 0:01:43]} 39. Ke2
{[%clk 0:03:33]} f5 {[%clk 0:01:28]} 40. Nc3 {[%clk 0:01:53]} Rd2+
{[%clk 0:01:43]} 41. Kf3 {[%clk 0:02:19]} Bd4 {[%clk 0:01:00]} 42. Nb1
{[%clk 0:01:44]} Rf2+ {[%clk 0:00:53]} 43. Kg3 {[%clk 0:01:57]} f4+
{[%clk 0:01:19]} 44. Kh2 {[%clk 0:01:09]} Ne3 {[%clk 0:00:50]} 45. Kh1
{[%clk 0:01:33]} Nxg2 {[%clk 0:00:58]} 46. Rxe6 {[%clk 0:01:40]} Nh4
{[%clk 0:01:00]} 47. Rb3 {[%clk 0:01:16]} Rf1+ {[%clk 0:01:03]} 48. Kh2
{[%clk 0:01:44]} Bg1+ {[%clk 0:01:11]} 49. Kh1 {[%clk 0:02:10]} Be3+
{[%clk 0:01:23]} 50. Kh2 {[%clk 0:02:32]} Nf3+ {[%clk 0:01:30]} 51. Kg2
{[%clk 0:02:50]} Rf2+ {[%clk 0:01:56]} 52. Kh1 {[%clk 0:03:15]} Rh2#
{[%clk 0:02:23]} 0-1